Państwa używające peso - Statystyki

Ogólne statystyki
  • Ten quiz został rozwiązany 16 325 razy
  • Średni wynik to 5 z 8
Statystyki odpowiedzi
Państwo % Poprawnych
Meksyk
85%
Argentyna
83%
Kolumbia
83%
Chile
78%
Urugwaj
67%
Kuba
60%
Dominikana
48%
Filipiny
25%
Nie znaleziono quizów pasujących do podanych kryteriów
Rozkład punktacji
Procent ludzi z każdym wynikiem
Percentyl według liczby udzielonych odpowiedzi
Twoja historia wyników
Nie rozwiązałeś tego quizu